Países com maior número de judeus - Statistics

Estatísticas Gerais
  • Esse quiz foi jogado 101 vezes
  • A pontuação média é 15 de 20
Estatísticas das Respostas
População % País % Correto
7 272 000 47,5 Israel
100%
92 000 0,62 Brasil
98%
5 700 000 39,0 Estados Unidos
94%
118 000 0,8 Alemanha
92%
155 000 1,0 Rússia
89%
393 000 2,7 Canadá
88%
448 000 2,7 França
88%
175 000 1,2 Argentina
83%
292 000 2,0 Reino Unido
81%
40 000 0,27 México
80%
27 000 0,18 Itália
80%
118 000 0,8 Austrália
71%
18 500 0,13 Suíça
69%
45 000 0,30 Ucrânia
68%
29 000 0,20 Bélgica
64%
29 800 0,20 Países Baixos
64%
16 000 0,11 Chile
61%
47 200 0,32 Hungria
55%
16 000 0,11 Uruguai
46%
52 300 0,35 África do Sul
31%
Nenhum quiz correspondente encontrado
Distribuição das Pontuações
Porcentagem de Pessoas com Cada Pontuação
Percentil de Números Respondidos
Sua Pontuação Histórica
Você não jogou esse quiz